La revolución científica.

Gespeichert in:
Bibliographische Detailangaben
1. Verfasser: Sellés, Manuel A (autor)
Weitere Verfasser: Solís, Carlos (autor)
Format: Buch
Veröffentlicht: Madrid, España: Síntesis, 1994.
Schriftenreihe:Historia Universal Moderna, 15.
Schlagworte:
Tags: Tag hinzufügen
Keine Tags, Fügen Sie den ersten Tag hinzu!

MARC

LEADER 00000nam a22000007a 4500
003 CL-VaPUC
005 20220822114512.0
008 220620b1994 ||||| |||| 00| 0 eng d
999 |c 436140  |d 436138 
020 |a 84-7738-126-7 
040 |c Pontificia Universidad Católica de Valparaíso 
082 7 |a 509 SEL 1994  |2 22 
100 1 |a Sellés, Manuel A  |e autor  |9 870955 
245 3 |a La revolución científica.  
260 |a Madrid, España:  |b Síntesis,  |c 1994. 
300 |a 212 páginas.  
490 |a Historia Universal Moderna,  |v  15. 
500 |a c.1 Donación Familia Prof. Alejandro Guzmán Brito. 
583 |c 20220620  |k Cristina María Rojas Aguilar 
650 |a Ciencia   |x Historia   |9 870280 
650 |a Tecnología y civilización   |x Historia   |9 871388 
650 |a Revolución científica   |x Historia   |9 871389 
700 |a Solís, Carlos   |e autor  |9 870956 
942 |2 ddc  |c BK  |n 0 
952 |0 0  |1 0  |2 ddc  |4 0  |6 509_000000000000000_SEL_1994  |7 0  |8 C_AGB  |9 583879  |a BIBDER  |b BIBDER  |d 2022-06-20  |e Donación   |i 5651992  |l 1  |o 509 SEL 1994  |p 5651992  |r 2024-06-12  |s 2024-06-12  |t 1  |w 2022-06-20  |y BK_US  |k AGB